000 00857nam a2200265Ia 4500
003 OSt
005 20221005062109.0
006 a|||||r|||| 00| 0
007 ta
008 221004b |||||||| |||| 00| 0 eng d
020 _a9780415620734 (hbk)
_c12743.75
024 _a9924
037 _bCBS/299, 20/03/2014, Classic Book Service
_cTextual
040 _aCRL
_cCRL
_beng
041 _2eng
_aeng
082 _aW:5:(Z1)g, Q3
100 _aSheeran Scott Ed.
_9467725
245 0 _aRoutledge handbook of international human rights law
260 _aLondon
_bRoutledge UK
_c2013
300 _axvi,791p.
_ccm.
650 _aPOLITICAL SCIENCE
700 _a Rodley Nigel Ed.
_9467726
942 _hW:5:(Z1)g, Q3
_cTEXL
_2cc
999 _c969185
_d969185